<?xml version="1.0" encoding="UTF-8"?>
<record
    xmlns:xsi="http://www.w3.org/2001/XMLSchema-instance"
    xsi:schemaLocation="http://www.loc.gov/MARC21/slim http://www.loc.gov/standards/marcxml/schema/MARC21slim.xsd"
    xmlns="http://www.loc.gov/MARC21/slim">

  <leader>02526nam a2200313 i 4500</leader>
  <controlfield tag="003">CSPC</controlfield>
  <controlfield tag="005">20260312111918.0</controlfield>
  <controlfield tag="008">260312c2015    ph  r p  i    00  0 eng d</controlfield>
  <datafield tag="022" ind1=" " ind2=" ">
    <subfield code="a">1908-3297</subfield>
  </datafield>
  <datafield tag="040" ind1=" " ind2=" ">
    <subfield code="a">CSPC</subfield>
    <subfield code="b">eng</subfield>
    <subfield code="c">CSPC</subfield>
    <subfield code="e">rda</subfield>
  </datafield>
  <datafield tag="050" ind1=" " ind2=" ">
    <subfield code="a">HC460.P63</subfield>
  </datafield>
  <datafield tag="245" ind1="0" ind2="0">
    <subfield code="a">Promoting inclusive growth through the 4Ps.</subfield>
  </datafield>
  <datafield tag="264" ind1=" " ind2="1">
    <subfield code="a">Makati City, Philippines :</subfield>
    <subfield code="b">Philippine Institute for Development Studies,</subfield>
    <subfield code="c">2015.</subfield>
  </datafield>
  <datafield tag="300" ind1=" " ind2=" ">
    <subfield code="a">volumes : </subfield>
    <subfield code="b">illustrations ; </subfield>
    <subfield code="c">23 cm. </subfield>
  </datafield>
  <datafield tag="336" ind1=" " ind2=" ">
    <subfield code="2">rdacontent</subfield>
    <subfield code="a">text</subfield>
  </datafield>
  <datafield tag="337" ind1=" " ind2=" ">
    <subfield code="2">rdamedia</subfield>
    <subfield code="a">unmediated</subfield>
  </datafield>
  <datafield tag="338" ind1=" " ind2=" ">
    <subfield code="2">rdacarrier</subfield>
    <subfield code="a">volume</subfield>
  </datafield>
  <datafield tag="362" ind1=" " ind2=" ">
    <subfield code="a">2015</subfield>
  </datafield>
  <datafield tag="490" ind1=" " ind2="1">
    <subfield code="a">Research paper series No. 2015-01</subfield>
  </datafield>
  <datafield tag="504" ind1=" " ind2=" ">
    <subfield code="a">Includes bibliographical references</subfield>
  </datafield>
  <datafield tag="520" ind1="3" ind2=" ">
    <subfield code="a">The Pantawid Pamilyang Pilipino Program (4ps) of the Philippines marks its fifth year of implementation in 2013 since its inception in 2008. the first batch of 4ps beneficiaries will graduate from the program in several months while the government continues to expand its implementation, devising along the way several variants that it deems necessary to address the many facets of poverty. The 4ps is by far the largest poverty reduction and social development program the Philippine government has ever implemented. Approximately PHP 120 billion have already been allocated to the program up to 2013. The programs dual objectives are social assistance and social development. It provides cash assistance to poor families to alleviate their immediate needs and aims to "break the intergenerational poverty cycle through investment in human capital". As program graduation nears, many questions arise as to what to expect from this program. At this point, it may be fitting to draw together assessments that have been conducted so far and to look into some important issues in terms of design and implementation. This paper seeks to answer the question of whether expanding the program would likely yield better results. It discusses the outstanding issues raised against the program, most especially those that bear on the program's ability to facilitate inclusive growth.  </subfield>
  </datafield>
  <datafield tag="610" ind1=" " ind2="0">
    <subfield code="a">Pantawid Pamilyang Pilipino Program</subfield>
    <subfield code="z">Philippines</subfield>
  </datafield>
  <datafield tag="650" ind1=" " ind2="0">
    <subfield code="a">Economic assistance, Domestic</subfield>
    <subfield code="x">Periodicals.</subfield>
    <subfield code="z">Philippines</subfield>
  </datafield>
  <datafield tag="650" ind1=" " ind2="0">
    <subfield code="2">Government policy</subfield>
    <subfield code="a">Poverty </subfield>
    <subfield code="x">Periodicals.</subfield>
    <subfield code="z">Philippines</subfield>
  </datafield>
  <datafield tag="650" ind1=" " ind2="0">
    <subfield code="a">Social planning</subfield>
    <subfield code="x">Periodicals.</subfield>
  </datafield>
  <datafield tag="700" ind1="1" ind2=" ">
    <subfield code="a">Reyes, Celia M., </subfield>
    <subfield code="e">editor. </subfield>
  </datafield>
  <datafield tag="942" ind1=" " ind2=" ">
    <subfield code="2">ddc</subfield>
    <subfield code="n">0</subfield>
    <subfield code="c">SERIALS</subfield>
    <subfield code="i">P944</subfield>
    <subfield code="k">SER</subfield>
    <subfield code="m">2015</subfield>
  </datafield>
  <datafield tag="952" ind1=" " ind2=" ">
    <subfield code="0">0</subfield>
    <subfield code="1">0</subfield>
    <subfield code="2">ddc</subfield>
    <subfield code="4">0</subfield>
    <subfield code="7">1</subfield>
    <subfield code="a">CSPC</subfield>
    <subfield code="b">CSPC</subfield>
    <subfield code="c">SER</subfield>
    <subfield code="d">2026-03-12</subfield>
    <subfield code="h">2015, Number 1 </subfield>
    <subfield code="l">0</subfield>
    <subfield code="o">Ser PUB AD 21 n.1 2015</subfield>
    <subfield code="p">01636S</subfield>
    <subfield code="r">2026-03-12 11:16:50</subfield>
    <subfield code="t">1-1</subfield>
    <subfield code="w">2026-03-12</subfield>
    <subfield code="y">SERIALS</subfield>
    <subfield code="z">Journal</subfield>
  </datafield>
  <datafield tag="999" ind1=" " ind2=" ">
    <subfield code="c">32046</subfield>
    <subfield code="d">32046</subfield>
  </datafield>
</record>
